000 00316nam a2200121Ia 4500
008 240731s9999 xx 000 0 und d
022 _a1469-8404
245 0 _aInformation & Communications Technology Law
260 _bRoutledge
856 _uhttps://www.tandfonline.com/loi/cict20
942 _2ddc
942 _cTFEJ
999 _c76954
_d76954
945 _a1
_bMadushi Gamage
_c1
_dMadushi Gamage